000 01088cam a22002054a 4500
005 20250605163933.0
008 250528s ||||||||||||||||||||||||d
035 _a14772
020 _a745618030
040 _aGR-AtMCL
_bgre
_dGR-AtMCL
_eAACR2
245 1 _aSociology / Third Edition
250 _aTHIRD
260 _bPolicy Press,
_c1997
300 _a626
520 _aWhat is Sociology?, Culture and Society and the Individual, Types of Society, Social Interaction and Everyday Life, Gender and Sexuality, The Body: Eating and Illness and Ageing, Family and Marriage and Personal Life, Deviance and Crime, Ethnicity and Race, Stratification and Class Structure, Modern Organizations, Work and Economic Life, Government and Political Power and War, Mass Media and Popular Culture, Education, Religion, Cities and the Development of Modern Urbanism, Revolutions and Social Movements, Global Change and Ecological Crisis, Sociological Research Methods, Sociological Theory, Bibliography, Index.
700 1 _aGiddens Anthony
_9516
942 _cBK
999 _c391
_d391